000 00925nam a2200265 i 4500
003 DO-SdBNP
005 20250306132542.0
007 ta
008 231130e1983 dr ||||| |||| 00| 0 spa d
040 _aDO-SdBNP
_bspa
_cBNPHU
_erda
082 4 _axxx
_bC367c
_222
100 1 _aCatrain, Pedro
_916559
_eautor
245 1 0 _aLa cuestión nacional y la conformación del Estado en República Dominicana. /
_cPedro Catrain y José Oviedo
264 _aSanto Domingo :
_bCENDIA,
_c1983
300 _a55 páginas ;
_c21 cm.
336 _2rdacontent
_atexto
_btxt
337 _2rdamedia
_asin mediación
_bn
338 _2rdacarrier
_avolumen
_bnc
490 _aCuadernos del CENDIA ;
_v377, 11
590 _aInventariado 2023 / MF
700 1 _aOviedo, José,
_92671
_eautor
710 1 _aUniversidad Autónoma de Santo Domingo
_bCentro Dominicano de Investigaciones Antropológicas (CENDIA)
_972951
910 _aMF
942 _2ddc
_cLF2
999 _c55626
_d55626